SCOPE WAVEFORM ANALYSIS (Record no. 567746)

000 -LEADER
fixed length control field 00296nam a22001217a 4500
082 ## - DEWEY DECIMAL CLASSIFICATION NUMBER
Classification number 621.38131 MID'S
100 ## - MAIN ENTRY--PERSONAL NAME
Personal name MIDDLETON, R. G
9 (RLIN) 57470
245 ## - TITLE STATEMENT
Title SCOPE WAVEFORM ANALYSIS
260 ## - PUBLICATION, DISTRIBUTION, ETC.
Place of publication, distribution, etc. NEWYORK
Name of publisher, distributor, etc. HOWARDS W. SAMS
Date of publication, distribution, etc. 1963
300 ## - PHYSICAL DESCRIPTION
Extent 160P
650 ## - SUBJECT ADDED ENTRY--TOPICAL TERM
Topical term or geographic name entry element WAVEFORM ANALYSIS
9 (RLIN) 57471
942 ## - ADDED ENTRY ELEMENTS (KOHA)
Koha item type Book
Holdings
Withdrawn status Lost status Damaged status Not for loan Permanent Location Current Location Shelving location Date acquired Total Checkouts Full call number Barcode Date last seen Price effective from Koha item type
        College of Electrical & Mechanical Engineering (CEME) College of Electrical & Mechanical Engineering (CEME) General Stacks 07/13/2017   621.38131 MID'S CEME-4021 06/28/2021 06/28/2021 Book
© 2023 Central Library, National University of Sciences and Technology. All Rights Reserved.